00438nam a2200145Ia 450000500170000000800410001702000180005808200170007610000270009324500210012026000370014130000140017850000880019265000120028020250728154342.0250728s9999 xx 000 0 und d a9780521637190 a951.057bDUT aDutton, Michael Robert 0aStreetlife China bCambridge University Pressc1998 a338 pages aCollection of articles by various Chinese writers about life in contemporary China. aHistory